000 00538nam a2200205Ia 4500
005 20250508163651.0
008 008 250505s9999 xx 000 0 eng d
020 _a81-87046-01-5
037 _aTextual
040 _aFEDL
_beng
_cFEDL
041 _aeng
_2eng
084 _a343.04, SUR
_qFEDL
100 _aSury M.M.
_9744276
245 0 _aIndian tax system
260 _aDelhi, India
_bIndian Tax Institue
_c1997
300 _axix,284p.
650 _aLaw
942 _cTEXL
_h343.04, SUR
999 _c1384595
_d1384595